| 000 | 00883nam a22002177a 4500 | ||
|---|---|---|---|
| 999 |
_c11130 _d11130 |
||
| 003 | AR-CdUCM | ||
| 008 | 190227b ||||| |||| 00| 0 eng d | ||
| 040 |
_aMUNICIPALIDAD PROVINCIAL DEL CUSCO _cBIBLIOTECA MUNICIPAL DEL CUSCO |
||
| 082 |
_a301 / _bM22 / 1946 _22ed. |
||
| 100 |
_aMannheim, Karl _96561 |
||
| 245 | _aDiagnostico de nuestro tiempo / | ||
| 260 |
_aMéxico : _bFondo de Cultura Económica, _c1946. |
||
| 300 |
_a193 páginas ; _c22 cm. |
||
| 505 | _aContenido: Diagnostico de nuestro tiempo -- La crisis en la estimativa -- El problema de la juventud en la sociedad moderno -- La educación, la sociología y el problema de la conciencia social ... | ||
| 650 |
_aSociología cristiana _96563 |
||
| 650 |
_aPlanificación sociológica _96564 |
||
| 650 |
_aNuevos dirigentes _96565 |
||
| 700 |
_aMedina Echavarria, José _91695 |
||
| 942 |
_2ddc _cLIBROS |
||
| 945 | _aacv | ||